Statistics for All 50k+ cities in Louisiana on a map

Click here to take the quiz!

General Stats

  • This quiz has been taken 121 times
    (115 since last reset)
  • The average score is 7 of 8

Answers on the Map

Answers color-coded by a green-red scale on the quiz's map according to % correct below.
 

Answer Stats

HintAnswer% Correct
376,971New Orleans
100%
222,185Baton Rouge
99%
184,021Shreveport
95%
121,771Lafayette
91%
81,097Lake Charles
85%
144,000metairie
69%
65,364Bossier City
67%
65,364Kenner
59%

Score Distribution

Percentile by Number Answered

Percent of People with Each Score

Your Score History

You have not taken this quiz since the last reset